000 01199nam a2200241 i 4500
001 160225
003 ES-MaACL
005 20250909180438.0
008 990429s1868 xxka |||| | eng d
040 _aCCPB | B
_bspa
_cCCPB | B
100 1 _aMorga, Antonio de.
_9130201
245 1 4 _aThe Philippine Islands, Moluccas, Siam, Cambodia, Japan and China,
_b: at the close of the sixteenth century /
_cby Antonio de Morga ; translated from the spanish, with notes and a preface, by the Hon. Henry E. J. Stanley ; and a letter from Luis Vaez de Torres, describing his voyage through the Torres straits.
260 _aLondon :
_bPrinted for the Hakluyt Society,
_c1868 (
_fT. Richards)
300 _aXXIV, 431 p., [1] h. de lám. pleg. :
_bil. ;
_c22 cm.
530 _aDisponible en formato digital.
599 _aLa h. de lám. grab. xil.
651 4 _aFilipinas-
_xHistoria-
_y1521-1812.
_98659
700 1 _aVáez de Torres, Luis.
_9133839
700 1 _aStanley, Henry Edward John Stanley,
_cBaron,
_d1827-1903
_9107903
852 _aES-MaACL
_jG-13184
_z-- Enc. tela
856 _uhttp://bdh-rd.bne.es/viewer.vm?id=0000040776&page=1
_zBiblioteca Digital Hispánica
999 _c160225
_d160225